Statement by the Managing Director on the Work Program of the Executive Board : Executive Board Meeting, November 24, 2008.

The global economy is going through a period of unprecedented financial instability. The Fund has been asked by the IMFC to play a leading role in helping the membership both to deal with the immediate crisis and work towards a new strengthened global architecture. These tasks are well within our ma...

תיאור מלא

מידע ביבליוגרפי
מחבר תאגידי: International Monetary Fund
פורמט: כתב-עת
שפה:English
יצא לאור: Washington, D.C. : International Monetary Fund, 2008.
סדרה:Policy Papers; Policy Paper ; No. 2008/069
גישה מקוונת:Full text available on IMF
LEADER 01726cas a2200241 a 4500
001 AALejournalIMF019682
008 230101c9999 xx r poo 0 0eng d
020 |c 5.00 USD 
020 |z 9781498333917 
022 |a 2663-3493 
040 |a BD-DhAAL  |c BD-DhAAL 
110 2 |a International Monetary Fund. 
245 1 0 |a Statement by the Managing Director on the Work Program of the Executive Board :   |b Executive Board Meeting, November 24, 2008. 
264 1 |a Washington, D.C. :  |b International Monetary Fund,  |c 2008. 
300 |a 1 online resource (13 pages) 
490 1 |a Policy Papers 
500 |a <strong>Off-Campus Access:</strong> No User ID or Password Required 
500 |a <strong>On-Campus Access:</strong> No User ID or Password Required 
506 |a Electronic access restricted to authorized BRAC University faculty, staff and students 
520 3 |a The global economy is going through a period of unprecedented financial instability. The Fund has been asked by the IMFC to play a leading role in helping the membership both to deal with the immediate crisis and work towards a new strengthened global architecture. These tasks are well within our mandate. Addressing these challenges-and doing so within a compressed timeframe-will require strict prioritization on three key areas: (i) providing policy advice and timely financial support that meets members' needs; (ii) understanding what went wrong; (iii) and assembling the building blocks of a new international financial architecture. 
538 |a Mode of access: Internet 
830 0 |a Policy Papers; Policy Paper ;  |v No. 2008/069 
856 4 0 |z Full text available on IMF  |u http://elibrary.imf.org/view/journals/007/2008/069/007.2008.issue-069-en.xml  |z IMF e-Library